Timeo

সংরক্ষণ করুন:
গ্রন্থ-পঞ্জীর বিবরন
প্রধান লেখক: Platón (Author)
বিন্যাস: গ্রন্থ
ভাষা:স্প্যানিশ
প্রকাশিত: Buenos Aires Ediciones Colihue 2012
সংস্করন:1a. ed
বিষয়গুলি:
ট্যাগগুলো: ট্যাগ যুক্ত করুন
কোনো ট্যাগ নেই, প্রথমজন হিসাবে ট্যাগ করুন!

MARC

LEADER 00000cam a2200000 a 4500
001 UCF7532
003 CL-VaPUC
008 130627e20120000AG |||||||||||||||||spa|d
020 |a 9505817266 
082 0 4 |a 184  |b PLA  |2 21 
100 0 |a Platón  |e author  |9 222 
245 1 0 |a Timeo 
250 |a 1a. ed 
300 |a 233 p 
942 |c BK 
945 |d 20130627 00:00:00  |a dcastane 
260 |a Buenos Aires  |b Ediciones Colihue  |c 2012 
650 0 |a Filosofía antigua   |9 255705 
650 7 |a HOMBRE  |2 CL-VaPUC  |9 262149 
650 0 |a Alma   |9 259008 
650 7 |a COSMOLOGIA GRIEGA  |2 CL-VaPUC  |9 556403 
650 0 |a Metafísica  |9 265649 
583 |a last modification  |c 20130627 13:18:00  |k Rodrigo Vera 
999 |c 352355  |d 352353 
952 |0 0  |1 0  |4 0  |6 184_000000000000000_PLA_2012  |7 0  |8 A  |9 456843  |a BIBEDU  |b BIBEDU  |d 2019-11-22  |i 4980468  |l 1  |m 2  |o 184 PLA 2012  |p 4980468  |r 2023-11-21  |s 2023-11-06  |w 2019-11-22  |y BK  |k FIL